[Event "Karposh Open  2012"]
[Site "Skopje MKD"]
[Date "2012.04.12"]
[Round "7.42"]
[White "Djukic, Sandra"]
[Black "Semsiu, Agim"]
[Result "0-1"]
[WhiteElo "2203"]
[BlackElo "1988"]
[PlyCount "43"]
[EventDate "2012.04.07"]
[EventType "swiss"]
[EventRounds "9"]
[Source "lmi"]
[SourceDate "2012.04.07"]

1. d4 g6 2. c4 Bg7 3. Nc3 d6 4. e4 Nf6 5. f3 O-O 6. Be3 c5 7. d5 Nbd7 8. Nge2
Qa5 9. Qd2 Ne5 10. Nc1 a6 11. Be2 Bd7 12. O-O b5 13. h3 Nxc4 14. Bxc4 bxc4 15.
N1e2 Rfb8 16. Rfc1 Ne8 17. Bg5 e6 18. Rab1 Rb7 19. Rc2 Rab8 20. Bf4 Be5 21.
Bxe5 dxe5 22. Rd1 0-1

[Event "Karposh Open  2012"]
[Site "Skopje MKD"]
[Date "2012.04.12"]
[Round "7.43"]
[White "Nikolovski, Nikola"]
[Black "Glavinac, Goran"]
[Result "1-0"]
[WhiteElo "1887"]
[BlackElo "2201"]
[PlyCount "57"]
[EventDate "2012.04.07"]
[EventType "swiss"]
[EventRounds "9"]
[Source "lmi"]
[SourceDate "2012.04.07"]

1. e4 c5 2. Nc3 d6 3. f4 g6 4. Nf3 Bg7 5. Bb5+ Bd7 6. Bc4 e6 7. O-O Ne7 8. d3
O-O 9. Qe1 a6 10. f5 b5 11. Bb3 b4 12. Ne2 exf5 13. Qh4 Nec6 14. Bg5 Qb6 15.
Kh1 Ne5 16. Nf4 Bc6 17. Nd5 Bxd5 18. Bxd5 Nbc6 19. Nxe5 Nxe5 20. Bxa8 Rxa8 21.
exf5 gxf5 22. Rxf5 Ng6 23. Qc4 Ne5 24. Qd5 Ra7 25. Raf1 Bf8 26. Bf6 Ng6 27. h4
Bh6 28. h5 Nf8 29. Rg5+ 1-0

[Event "Karposh Open  2012"]
[Site "Skopje MKD"]
[Date "2012.04.12"]
[Round "7.46"]
[White "Georgievski, Vanco"]
[Black "Markovski, Velo"]
[Result "0-1"]
[WhiteElo "2273"]
[BlackElo "2040"]
[PlyCount "78"]
[EventDate "2012.04.07"]
[EventType "swiss"]
[EventRounds "9"]
[Source "lmi"]
[SourceDate "2012.04.07"]

1. d4 Nf6 2. Nf3 e6 3. Bf4 c5 4. c3 d5 5. e3 Nc6 6. Nbd2 Bd6 7. Bg3 Qc7 8. dxc5
Bxg3 9. hxg3 e5 10. b4 Bf5 11. Qb3 O-O 12. Bb5 a6 13. Bxc6 bxc6 14. O-O Bd3 15.
Rfe1 e4 16. Nd4 Rac8 17. Qd1 Qe5 18. N2f3 Qh5 19. Nh2 Qg6 20. g4 Rfe8 21. Nf5
h5 22. Nd6 hxg4 23. Nxc8 Rxc8 24. a3 Re8 25. Ra2 Re5 26. Rd2 Bc4 27. g3 Rh5 28.
Kg2 Rxh2+ 29. Kxh2 Qh5+ 30. Kg1 Nd7 31. f4 gxf3 32. Rh2 Qg4 33. Kf2 Ne5 34.
Reh1 g6 35. Rh8+ Kg7 36. Qd4 Qe6 37. R1h4 Kf6 38. Rd8 Ke7 39. Rd6 Qf5 0-1

[Event "Karposh Open  2012"]
[Site "Skopje MKD"]
[Date "2012.04.12"]
[Round "7.48"]
[White "Mitkovski, Zarko"]
[Black "Miskoski, Misko"]
[Result "1-0"]
[WhiteElo "2185"]
[BlackElo "1965"]
[PlyCount "61"]
[EventDate "2012.04.07"]
[EventType "swiss"]
[EventRounds "9"]
[Source "lmi"]
[SourceDate "2012.04.07"]

1. e4 c5 2. Nc3 Nc6 3. f4 g6 4. Nf3 Bg7 5. Bb5 Nd4 6. a4 e6 7. e5 a6 8. Bd3 d5
9. Nxd4 cxd4 10. Ne2 Ne7 11. Nxd4 O-O 12. Nf3 f6 13. O-O Nc6 14. exf6 Qxf6 15.
g3 b6 16. Qe2 Bb7 17. c3 Rae8 18. Bxa6 Bxa6 19. Qxa6 e5 20. d3 e4 21. dxe4 dxe4
22. Ng5 h6 23. Qc4+ Kh8 24. Nxe4 Qf5 25. Nd6 Qc2 26. Qd5 Re2 27. Nc4 Rd8 28.
Qxc6 Rxh2 29. Be3 Rh3 30. Qg2 Qf5 31. g4 1-0

[Event "Karposh Open  2012"]
[Site "Skopje MKD"]
[Date "2012.04.12"]
[Round "7.49"]
[White "Chan, Naruna"]
[Black "Muratet Casadevall, Albert"]
[Result "0-1"]
[WhiteElo "1835"]
[BlackElo "2185"]
[PlyCount "62"]
[EventDate "2012.04.07"]
[EventType "swiss"]
[EventRounds "9"]
[Source "lmi"]
[SourceDate "2012.04.07"]

1. e4 Nf6 2. e5 Nd5 3. d4 d6 4. Nf3 dxe5 5. dxe5 Nc6 6. h3 Bf5 7. a3 a6 8. Bd3
e6 9. O-O Bg6 10. Qe2 Bxd3 11. Qxd3 h6 12. Qe4 Qe7 13. c4 Nb6 14. b4 O-O-O 15.
Nc3 f5 16. exf6 gxf6 17. Re1 f5 18. Qe2 Rg8 19. g3 Bg7 20. Bb2 Nd4 21. Nxd4
Bxd4 22. c5 Rxg3+ 23. Kh2 Rxc3 24. Bxc3 Bxc3 25. cxb6 Qd6+ 26. Kh1 Qc6+ 27. Kh2
Bxa1 28. Rxa1 Qxb6 29. Re1 Qd6+ 30. Kh1 Qd5+ 31. Kh2 Rd6 0-1

[Event "Karposh Open  2012"]
[Site "Skopje MKD"]
[Date "2012.04.12"]
[Round "7.50"]
[White "Bejatovic, Bojana"]
[Black "Dorfanis, Ilarion"]
[Result "0-1"]
[WhiteElo "1944"]
[BlackElo "2183"]
[PlyCount "67"]
[EventDate "2012.04.07"]
[EventType "swiss"]
[EventRounds "9"]
[Source "lmi"]
[SourceDate "2012.04.07"]

1. Nf3 Nf6 2. c4 e6 3. g3 d5 4. Bg2 d4 5. d3 c5 6. e4 dxe3 7. Bxe3 Be7 8. O-O
O-O 9. Nc3 Ng4 10. Bf4 Nc6 11. Re1 Bd6 12. Bxd6 Qxd6 13. Ne4 Qe7 14. d4 cxd4
15. Nxd4 Nxd4 16. Qxd4 Rd8 17. Qc3 Bd7 18. Rad1 Bc6 19. c5 Nh6 20. Nd6 Bxg2 21.
Kxg2 Qc7 22. Qf3 b6 23. cxb6 axb6 24. Qb7 Qxb7+ 25. Nxb7 Rdb8 26. Rd7 Rxa2 27.
Re2 g6 28. Rc2 Ng4 29. Nd6 Ne5 30. Re7 Rd8 31. Nc8 Rd7 32. Rxd7 Nxd7 33. Rd2
Nc5 34. Nxb6 0-1

[Event "Karposh Open  2012"]
[Site "Skopje MKD"]
[Date "2012.04.12"]
[Round "7.51"]
[White "Hristovski, Srdzan"]
[Black "Lazov, Toni"]
[Result "1/2-1/2"]
[WhiteElo "2138"]
[BlackElo "1798"]
[PlyCount "90"]
[EventDate "2012.04.07"]
[EventType "swiss"]
[EventRounds "9"]
[Source "lmi"]
[SourceDate "2012.04.07"]

1. d4 Nf6 2. c4 g6 3. Nc3 d5 4. Nf3 Bg7 5. Bf4 O-O 6. e3 c5 7. Be2 dxc4 8. Bxc4
Nc6 9. d5 Na5 10. Be2 Bf5 11. O-O Ne4 12. Be5 Nxc3 13. Bxc3 Be4 14. Qd2 Bxc3
15. Qxc3 Bxf3 16. Bxf3 b6 17. e4 Qd7 18. e5 Rad8 19. Rad1 Qb5 20. b3 f6 21. d6
exd6 22. exd6 Nc6 23. Rfe1 Nd4 24. Re7 Rxd6 25. Rde1 Rd7 26. a4 Nxf3+ 27. Qxf3
Qd3 28. Rxd7 Qxd7 29. h3 Kg7 30. Qe4 Qc7 31. Qe6 Rf7 32. Re3 Qd7 33. Qe4 Qd1+
34. Kh2 Qd6+ 35. g3 Qd4 36. Qe6 Qd2 37. Kg1 Qd7 38. a5 Qxe6 39. Rxe6 Rb7 40.
axb6 axb6 41. Rc6 Kf7 42. g4 h5 43. gxh5 gxh5 44. Kg2 Kg6 45. Kf3 Kf5 1/2-1/2

[Event "Karposh Open  2012"]
[Site "Skopje MKD"]
[Date "2012.04.12"]
[Round "7.54"]
[White "Vasovski, Nikola"]
[Black "Vukelic, Zvonimir"]
[Result "1-0"]
[WhiteElo "2279"]
[BlackElo "1931"]
[PlyCount "113"]
[EventDate "2012.04.07"]
[EventType "swiss"]
[EventRounds "9"]
[Source "lmi"]
[SourceDate "2012.04.07"]

1. d4 d5 2. c4 c6 3. cxd5 cxd5 4. Nc3 e6 5. Bf4 Nc6 6. e3 a6 7. Rc1 Nf6 8. Bd3
Be7 9. Nf3 h6 10. h3 O-O 11. g4 Ne8 12. h4 f5 13. Ne5 Nxe5 14. dxe5 Bxh4 15.
gxf5 exf5 16. Qh5 Bg5 17. Bxg5 Qxg5 18. Qxg5 hxg5 19. Nxd5 Be6 20. Ne7+ Kf7 21.
Nxf5 Bxa2 22. Rg1 Rh8 23. Ke2 Rh5 24. Be4 Be6 25. Ng3 Rh4 26. Rc3 Rb8 27. Rgc1
b5 28. Rc6 a5 29. R1c5 Bc4+ 30. Kf3 Rh6 31. Nf5 Rxc6 32. Rxc6 a4 33. Nd4 Rd8
34. Rc5 Rb8 35. Kg4 Rb6 36. Kxg5 Ke7 37. f4 Kd8 38. Nc6+ Kd7 39. Bf5+ Be6 40.
Bxe6+ Kxe6 41. Nd4+ Kd7 42. Rxb5 Ra6 43. e6+ Kc7 44. Rc5+ Kd6 45. Rc8 Nf6 46.
Kg6 Nd5 47. Rd8+ Kc5 48. Kf7 Nxe3 49. e7 Ra7 50. Kf8 Rxe7 51. Kxe7 Nd5+ 52. Kf7
Kc4 53. Ne6 Nb4 54. Kxg7 Nd3 55. Rd4+ Kb3 56. Rxd3+ Kxb2 57. f5 1-0

[Event "Karposh Open  2012"]
[Site "Skopje MKD"]
[Date "2012.04.12"]
[Round "7.57"]
[White "Stojkovska, Monika"]
[Black "Petkovski, Vlatko"]
[Result "0-1"]
[WhiteElo "1936"]
[BlackElo "2160"]
[PlyCount "58"]
[EventDate "2012.04.07"]
[EventType "swiss"]
[EventRounds "9"]
[Source "lmi"]
[SourceDate "2012.04.07"]

1. e4 c5 2. Nf3 e6 3. d3 Nc6 4. g3 g6 5. Bg2 Bg7 6. O-O Nge7 7. Re1 O-O 8. Nbd2
d5 9. e5 Qc7 10. Qe2 b6 11. c3 a5 12. Nf1 Ba6 13. h4 h5 14. N1h2 d4 15. c4 b5
16. b3 a4 17. g4 axb3 18. axb3 bxc4 19. bxc4 hxg4 20. Nxg4 Bb7 21. Rxa8 Rxa8
22. h5 gxh5 23. Nf6+ Kf8 24. Ng5 Ng6 25. Ngh7+ Ke7 26. Bg5 Bxf6 27. Nxf6 Qa5
28. Rb1 Qa7 29. Qb2 Nb4 0-1

[Event "Karposh Open  2012"]
[Site "Skopje MKD"]
[Date "2012.04.12"]
[Round "7.59"]
[White "Cvetkovski, Slobodan"]
[Black "Savoglou, Nikolaos"]
[Result "0-1"]
[WhiteElo "1927"]
[BlackElo "2055"]
[PlyCount "56"]
[EventDate "2012.04.07"]
[EventType "swiss"]
[EventRounds "9"]
[Source "lmi"]
[SourceDate "2012.04.07"]

1. e4 e6 2. d4 d5 3. Nc3 Nf6 4. e5 Nfd7 5. f4 c5 6. Nf3 Nc6 7. Be3 Be7 8. Qd2
O-O 9. Be2 a6 10. O-O b5 11. a3 Qb6 12. Rad1 Bb7 13. Nb1 a5 14. c3 Ba6 15. g4
b4 16. axb4 axb4 17. f5 bxc3 18. bxc3 cxd4 19. cxd4 Bb4 20. Qb2 Ndxe5 21. Nxe5
Nxe5 22. Bxa6 Rxa6 23. fxe6 Nxg4 24. Rxf7 Nxe3 25. Rd3 Qxe6 26. Rxf8+ Bxf8 27.
Qe2 Qg6+ 28. Kh1 Ra1 0-1

[Event "Karposh Open  2012"]
[Site "Skopje MKD"]
[Date "2012.04.12"]
[Round "7.61"]
[White "Georgieva, Emilia"]
[Black "Spirliadis, Achileas"]
[Result "0-1"]
[WhiteElo "1918"]
[BlackElo "2053"]
[PlyCount "84"]
[EventDate "2012.04.07"]
[EventType "swiss"]
[EventRounds "9"]
[Source "lmi"]
[SourceDate "2012.04.07"]

1. d4 Nf6 2. Nf3 e6 3. Bg5 c5 4. Bxf6 Qxf6 5. e3 Nc6 6. c3 cxd4 7. exd4 Bd6 8.
Nbd2 Bc7 9. Ne4 Qf4 10. Bd3 d5 11. g3 Qh6 12. Ned2 O-O 13. Qc2 e5 14. dxe5 Nxe5
15. Nxe5 Bxe5 16. O-O-O d4 17. c4 b5 18. f4 bxc4 19. Nxc4 Bf6 20. Kb1 Bb7 21.
Rhe1 Rac8 22. Qd2 Bf3 23. Rc1 Qh3 24. Nd6 Rxc1+ 25. Rxc1 Qd7 26. Nc4 Bd5 27. b3
Rb8 28. Qc2 g6 29. Ka1 Rc8 30. Qe2 a5 31. Re1 Qc6 32. Nb2 Qc3 33. Kb1 Rc7 34.
Qf1 Qb4 35. g4 a4 36. Re8+ Kg7 37. g5 Be7 38. Nxa4 Bc6 39. Qc1 Bxe8 40. Qxc7
Bxa4 41. Qe5+ Kg8 42. Bc4 Bd7 0-1

[Event "Karposh Open  2012"]
[Site "Skopje MKD"]
[Date "2012.04.12"]
[Round "7.62"]
[White "Batkoski, Nenad"]
[Black "Jonoska, Katerina"]
[Result "0-1"]
[WhiteElo "1892"]
[BlackElo "1982"]
[PlyCount "56"]
[EventDate "2012.04.07"]
[EventType "swiss"]
[EventRounds "9"]
[Source "lmi"]
[SourceDate "2012.04.07"]

1. Nf3 Nf6 2. Nc3 d5 3. d4 e6 4. a3 c5 5. dxc5 Bxc5 6. b4 Be7 7. Bb2 O-O 8. e3
a6 9. Bd3 b5 10. e4 Bb7 11. e5 Ne4 12. Qe2 Nxc3 13. Bxc3 Qc7 14. Bb2 Nd7 15. h4
f5 16. exf6 Bxf6 17. Qxe6+ Kh8 18. Bxf6 Rxf6 19. Qe7 Qc3+ 20. Kf1 Qxa1+ 21. Ne1
Rff8 22. Qxd7 Rae8 23. Be2 Qe5 24. Qg4 Bc8 25. Qh5 Rf5 26. Qg4 Rxf2+ 27. Kxf2
Bxg4 28. Bxg4 Qe3+ 0-1

[Event "Karposh Open  2012"]
[Site "Skopje MKD"]
[Date "2012.04.12"]
[Round "7.65"]
[White "Vasilevski, Igor"]
[Black "Atanasov, Sande"]
[Result "1-0"]
[WhiteElo "1850"]
[BlackElo "1950"]
[PlyCount "77"]
[EventDate "2012.04.07"]
[EventType "swiss"]
[EventRounds "9"]
[Source "lmi"]
[SourceDate "2012.04.07"]

1. Nf3 d5 2. d4 Nf6 3. c4 Bf5 4. Nc3 dxc4 5. e3 e6 6. Ne5 Nbd7 7. Nxc4 Bb4 8.
Qb3 Qe7 9. Be2 c5 10. a3 Bxc3+ 11. bxc3 b6 12. O-O Rc8 13. f3 h5 14. e4 Bg6 15.
Bg5 e5 16. d5 O-O 17. Bh4 Rb8 18. a4 Qe8 19. Qb5 Qc8 20. Bg3 a6 21. Qb2 Qe8 22.
Qc2 Nxd5 23. Rfd1 Nf4 24. Bf1 Qe7 25. Bf2 Rfd8 26. Ne3 Qg5 27. h4 Qe7 28. Bxa6
Rf8 29. Bb5 Nf6 30. Kh2 Qb7 31. g3 Ne6 32. Qe2 Nc7 33. Bc4 Qc6 34. Bb5 Nxb5 35.
axb5 Qc7 36. Ra6 Ne8 37. Nd5 Qb7 38. Rda1 Nd6 39. Ra7 1-0

[Event "Karposh Open  2012"]
[Site "Skopje MKD"]
[Date "2012.04.12"]
[Round "7.66"]
[White "Nikolovska, Dragana"]
[Black "Jancev, Valentin"]
[Result "1-0"]
[WhiteElo "1773"]
[BlackElo "1998"]
[PlyCount "46"]
[EventDate "2012.04.07"]
[EventType "swiss"]
[EventRounds "9"]
[Source "lmi"]
[SourceDate "2012.04.07"]

1. e4 e6 2. d4 d5 3. Nd2 dxe4 4. Nxe4 Nd7 5. Bd3 Ngf6 6. Qe2 Nxe4 7. Bxe4 Nf6
8. Bxb7 Rb8 9. Bxc8 Qxc8 10. Nf3 Bd6 11. O-O h6 12. Re1 O-O 13. Ne5 c5 14. dxc5
Qxc5 15. Nd3 Qc7 16. h3 Rfc8 17. c3 Nd5 18. Qg4 Kh8 19. Qh4 Be7 20. Qh5 Nf6 21.
Qxf7 Qd6 22. Ne5 Kh7 23. Qg6+ Kg8 1-0

[Event "Karposh Open  2012"]
[Site "Skopje MKD"]
[Date "2012.04.12"]
[Round "7.69"]
[White "Lampsas, Georgios"]
[Black "Gjeorgjievski, Done"]
[Result "0-1"]
[WhiteElo "1660"]
[BlackElo "1829"]
[PlyCount "66"]
[EventDate "2012.04.07"]
[EventType "swiss"]
[EventRounds "9"]
[Source "lmi"]
[SourceDate "2012.04.07"]

1. c4 c5 2. Nc3 Nc6 3. e4 e5 4. Nge2 Nf6 5. g3 Be7 6. Bg2 O-O 7. O-O d6 8. b3
Bg4 9. f3 Bd7 10. Nd5 Nxd5 11. cxd5 Nd4 12. Nxd4 cxd4 13. Rf2 Qb6 14. d3 Rac8
15. Bd2 Qa6 16. Be1 Bb5 17. Bf1 Bg5 18. Bd2 Bxd2 19. Rxd2 Rc3 20. Rc1 Rfc8 21.
Rdc2 Qb6 22. Kg2 a5 23. Rxc3 dxc3 24. Qe1 Qd4 25. Qf2 Qb4 26. f4 f6 27. Kf3 Qa3
28. Qc2 a4 29. Bh3 Bxd3 30. Qd1 c2 31. Qd2 Rc7 32. Ke3 axb3 33. Qxd3 Qxc1+ 0-1

[Event "Karposh Open  2012"]
[Site "Skopje MKD"]
[Date "2012.04.12"]
[Round "7.70"]
[White "Golubovic, Tomislav"]
[Black "Peev, Kosta"]
[Result "1/2-1/2"]
[WhiteElo "1944"]
[BlackElo "1625"]
[PlyCount "84"]
[EventDate "2012.04.07"]
[EventType "swiss"]
[EventRounds "9"]
[Source "lmi"]
[SourceDate "2012.04.07"]

1. e4 c5 2. c3 d5 3. exd5 Qxd5 4. Nf3 Bg4 5. Be2 Nc6 6. Na3 Nf6 7. O-O e6 8.
Nc2 Be7 9. Ne3 Qd8 10. Nxg4 Nxg4 11. d4 cxd4 12. Nxd4 Nxd4 13. Bxg4 Nc6 14. Qb3
Qc7 15. Bf3 O-O 16. Be3 Rfd8 17. Rfd1 Rab8 18. g3 Rxd1+ 19. Rxd1 Rd8 20. Rxd8+
Bxd8 21. Qa4 a6 22. Bxc6 Qxc6 23. Qxc6 bxc6 24. Bc5 f5 25. Kf1 Kf7 26. Ke2 e5
27. f3 Ke6 28. c4 Bc7 29. Kd3 g5 30. a3 h5 31. b4 g4 32. fxg4 hxg4 33. a4 f4
34. b5 axb5 35. axb5 cxb5 36. cxb5 Kf5 37. b6 e4+ 38. Ke2 Bb8 39. gxf4 Bxf4 40.
b7 Bxh2 41. Ba7 Bc7 42. b8=Q Bxb8 1/2-1/2

[Event "Karposh Open  2012"]
[Site "Skopje MKD"]
[Date "2012.04.12"]
[Round "7.71"]
[White "Irakleidis, Christos"]
[Black "Nikolov, Kole"]
[Result "0-1"]
[WhiteElo "1523"]
[BlackElo "1715"]
[PlyCount "90"]
[EventDate "2012.04.07"]
[EventType "swiss"]
[EventRounds "9"]
[Source "lmi"]
[SourceDate "2012.04.07"]

1. d4 d5 2. Nf3 Nf6 3. e3 Bg4 4. h3 Bf5 5. Bd3 Bg6 6. Bxg6 hxg6 7. b3 e6 8.
Nbd2 Nbd7 9. Bb2 Bd6 10. Ne5 c6 11. Qe2 Qe7 12. c4 Rc8 13. c5 Bb8 14. Qd3 Nxe5
15. dxe5 Nd7 16. Nf3 Nxc5 17. Qc2 Ne4 18. Rd1 Ng5 19. Nd2 a6 20. f4 Nh7 21. O-O
Bc7 22. Rf3 Qh4 23. Kh2 Qh5 24. e4 g5 25. exd5 exd5 26. Qf5 O-O 27. e6 fxe6 28.
Qxe6+ Qf7 29. Qg4 Bb8 30. Be5 Qf5 31. Qg3 Bxe5 32. fxe5 Qe6 33. Rdf1 Rxf3 34.
Rxf3 Rf8 35. Rxf8+ Kxf8 36. Nf3 Qf5 37. e6 Qf4 38. a4 Ke7 39. Qxf4 gxf4 40. Nd4
Kf6 41. h4 Nf8 42. e7 Kxe7 43. Nf5+ Kf6 44. Nd6 b6 45. Nc8 Nd7 0-1

[Event "Karposh Open  2012"]
[Site "Skopje MKD"]
[Date "2012.04.13"]
[Round "8.1"]
[White "Georgiev, Kiril"]
[Black "Ivanisevic, Ivan"]
[Result "1/2-1/2"]
[WhiteElo "2671"]
[BlackElo "2645"]
[PlyCount "23"]
[EventDate "2012.04.07"]
[EventType "swiss"]
[EventRounds "9"]
[Source "lmi"]
[SourceDate "2012.04.07"]

1. Nf3 c5 2. g3 Nc6 3. Bg2 g6 4. c3 e5 5. d4 cxd4 6. cxd4 e4 7. Ne5 d5 8. Qa4
Bg7 9. Nxc6 Qd7 10. Nc3 bxc6 11. Bh3 f5 12. Bf4 1/2-1/2

[Event "Karposh Open  2012"]
[Site "Skopje MKD"]
[Date "2012.04.13"]
[Round "8.3"]
[White "Nevednichy, Vladislav"]
[Black "Markus, Robert"]
[Result "1/2-1/2"]
[WhiteElo "2562"]
[BlackElo "2625"]
[PlyCount "29"]
[EventDate "2012.04.07"]
[EventType "swiss"]
[EventRounds "9"]
[Source "lmi"]
[SourceDate "2012.04.07"]

1. c4 e6 2. g3 d5 3. Nf3 dxc4 4. Qa4+ Bd7 5. Qxc4 c5 6. Ne5 Nc6 7. Nxd7 Qxd7 8.
b3 Be7 9. Bb2 Bf6 10. Bxf6 Nxf6 11. Bg2 Rc8 12. O-O b6 13. Nc3 O-O 14. Rfd1
Rfd8 15. Qa4 1/2-1/2

[Event "Karposh Open  2012"]
[Site "Skopje MKD"]
[Date "2012.04.13"]
[Round "8.4"]
[White "Delchev, Aleksander"]
[Black "Hera, Imre Jr"]
[Result "1-0"]
[WhiteElo "2622"]
[BlackElo "2555"]
[PlyCount "75"]
[EventDate "2012.04.07"]
[EventType "swiss"]
[EventRounds "9"]
[Source "lmi"]
[SourceDate "2012.04.07"]

1. c4 e6 2. g3 d5 3. Bg2 Nf6 4. Nf3 dxc4 5. Qa4+ c6 6. Qxc4 b5 7. Qc2 Bb7 8.
O-O Nbd7 9. Nc3 a6 10. a4 Be7 11. d3 O-O 12. e4 b4 13. Nb1 b3 14. Qe2 a5 15.
Rd1 Ba6 16. Bf4 Qb6 17. Nbd2 Rad8 18. Rac1 Qb7 19. Nc4 Bb4 20. Nfe5 Nxe5 21.
Nxe5 Rc8 22. Bd2 Nd7 23. Bxb4 axb4 24. Nc4 Bxc4 25. Rxc4 c5 26. d4 Nb6 27. Rxc5
Nxa4 28. e5 Qd7 29. Rxc8 Rxc8 30. d5 Nc3 31. bxc3 bxc3 32. dxe6 Qxe6 33. Bd5
Qb6 34. e6 c2 35. exf7+ Kf8 36. Re1 Qd8 37. Bxb3 c1=Q 38. Qe8+ 1-0

[Event "Karposh Open  2012"]
[Site "Skopje MKD"]
[Date "2012.04.13"]
[Round "8.6"]
[White "Bogdanovski, Vlatko"]
[Black "Kozul, Zdenko"]
[Result "1-0"]
[WhiteElo "2435"]
[BlackElo "2602"]
[PlyCount "69"]
[EventDate "2012.04.07"]
[EventType "swiss"]
[EventRounds "9"]
[Source "lmi"]
[SourceDate "2012.04.07"]

1. d4 Nf6 2. Nf3 g6 3. Bg5 Bg7 4. Nbd2 h6 5. Bh4 d6 6. c3 g5 7. Bg3 Nh5 8. e4
a6 9. Bd3 Nxg3 10. hxg3 e6 11. Qe2 Nd7 12. O-O-O Qe7 13. Nc4 Rb8 14. Nfd2 b5
15. Na5 Bb7 16. Nxb7 Rxb7 17. Nb3 Rb6 18. f4 c5 19. dxc5 dxc5 20. c4 e5 21.
fxg5 Qxg5+ 22. Kb1 O-O 23. cxb5 Ra8 24. bxa6 Nb8 25. Bc4 Nxa6 26. Rd7 Nb4 27.
Rf1 Rf8 28. Rfxf7 Rxf7 29. Rxf7 Kh8 30. Nxc5 Rd6 31. a3 Rd2 32. Qf3 Nc6 33. Ne6
Rxb2+ 34. Kxb2 Qd2+ 35. Kb1 1-0

[Event "Karposh Open  2012"]
[Site "Skopje MKD"]
[Date "2012.04.13"]
[Round "8.8"]
[White "Vojinovic, Goran"]
[Black "Sedlak, Nikola"]
[Result "1-0"]
[WhiteElo "2429"]
[BlackElo "2593"]
[PlyCount "61"]
[EventDate "2012.04.07"]
[EventType "swiss"]
[EventRounds "9"]
[Source "lmi"]
[SourceDate "2012.04.07"]

1. d4 Nf6 2. Nf3 g6 3. c4 Bg7 4. Nc3 d5 5. e3 O-O 6. Qb3 e6 7. Bd2 b6 8. cxd5
exd5 9. Be2 c5 10. O-O Nc6 11. Rfd1 c4 12. Qa3 Rb8 13. Ne5 Nxe5 14. dxe5 Ng4
15. Be1 Bxe5 16. Bxg4 Bxg4 17. Rxd5 Qe8 18. f3 Bd7 19. Ne4 f5 20. Rxe5 Qxe5 21.
Bg3 Qe6 22. Ng5 Qf6 23. Bxb8 Rxb8 24. Rd1 Qxg5 25. Rxd7 Rd8 26. f4 Qh4 27. g3
Qf6 28. Qc3 Rf8 29. Qxc4+ Kh8 30. Qd4 Qxd4 31. exd4 1-0

[Event "Karposh Open  2012"]
[Site "Skopje MKD"]
[Date "2012.04.13"]
[Round "8.12"]
[White "Drazic, Sinisa"]
[Black "Emiroglu, Cankut"]
[Result "1/2-1/2"]
[WhiteElo "2536"]
[BlackElo "2214"]
[PlyCount "42"]
[EventDate "2012.04.07"]
[EventType "swiss"]
[EventRounds "9"]
[Source "lmi"]
[SourceDate "2012.04.07"]

1. d4 Nf6 2. Nc3 d5 3. Bg5 Nbd7 4. Qd3 c5 5. Bxf6 Nxf6 6. dxc5 e6 7. e4 Nxe4 8.
Nxe4 dxe4 9. Qxe4 Bxc5 10. Bb5+ Ke7 11. Qh4+ f6 12. Qg3 Kf7 13. Bd3 Bd6 14. Qf3
Qa5+ 15. c3 g6 16. h4 Bd7 17. Qxb7 Ke7 18. Qa6 Qe5+ 19. Ne2 Rhc8 20. f4 Qc5 21.
h5 g5 1/2-1/2

[Event "Karposh Open  2012"]
[Site "Skopje MKD"]
[Date "2012.04.13"]
[Round "8.14"]
[White "Hunt, Adam C"]
[Black "Savic, Miodrag R"]
[Result "1/2-1/2"]
[WhiteElo "2454"]
[BlackElo "2518"]
[PlyCount "118"]
[EventDate "2012.04.07"]
[EventType "swiss"]
[EventRounds "9"]
[Source "lmi"]
[SourceDate "2012.04.07"]

1. e4 d5 2. exd5 Qxd5 3. Nc3 Qa5 4. d4 Nf6 5. Bc4 c6 6. Qe2 Bf5 7. Bd2 e6 8. d5
cxd5 9. Nxd5 Qd8 10. Nxf6+ Qxf6 11. O-O-O Nc6 12. Bc3 Qg5+ 13. Kb1 Bb4 14. Nf3
Qe7 15. Bxg7 Rg8 16. Be5 a6 17. Bg3 Rg4 18. Bd3 Qf6 19. h3 Rg8 20. Bh4 Qg6 21.
g4 Bxd3 22. Rxd3 Be7 23. Bxe7 Kxe7 24. Ne5 Nxe5 25. Qxe5 Rac8 26. Rhd1 Rgd8 27.
f4 Rd5 28. Qe3 Rxd3 29. Rxd3 Kf8 30. Qf3 Rc6 31. h4 h6 32. h5 Qf6 33. Qe4 Qh4
34. a3 Qxg4 35. Qh7 Ke7 36. Qxh6 Qg1+ 37. Ka2 Rxc2 38. Qh8 Qb6 39. h6 Rh2 40.
h7 Qc7 41. Rd4 Qb6 42. Rc4 Qd8 43. Qe5 Qd5 44. Qxd5 exd5 45. Rc7+ Ke6 46. f5+
Kf6 47. Rxb7 Rxh7 48. Rd7 Kxf5 49. Rxd5+ Ke4 50. Rd6 f5 51. Rxa6 Rf7 52. Re6+
Kd3 53. Rd6+ Ke3 54. Re6+ Kd3 55. Rd6+ Ke2 56. Re6+ Kd2 57. Rd6+ Ke2 58. Re6+
Kd3 59. Rd6+ Ke3 1/2-1/2

[Event "Karposh Open  2012"]
[Site "Skopje MKD"]
[Date "2012.04.13"]
[Round "8.15"]
[White "Nikolov, Sasho"]
[Black "Antic, Dejan"]
[Result "0-1"]
[WhiteElo "2397"]
[BlackElo "2513"]
[PlyCount "80"]
[EventDate "2012.04.07"]
[EventType "swiss"]
[EventRounds "9"]
[Source "lmi"]
[SourceDate "2012.04.07"]

1. e4 e6 2. d4 d5 3. Nc3 Nf6 4. e5 Nfd7 5. f4 c5 6. Nf3 Nc6 7. Be3 Be7 8. Be2
O-O 9. O-O b6 10. Qd2 Bb7 11. Rad1 a6 12. f5 cxd4 13. Nxd4 Nxd4 14. Bxd4 exf5
15. Rxf5 Nc5 16. Qe3 Rc8 17. Bf3 Qd7 18. Rf6 Ne6 19. Bg4 Rc6 20. Qh3 Qd8 21.
Rxe6 fxe6 22. Bxe6+ Kh8 23. Bf5 Rh6 24. Qd3 Bc5 25. Bg4 Qg5 26. h3 Qxe5 27.
Bxc5 bxc5 28. Nxd5 Rd6 29. c4 Qxb2 30. Qe3 Bxd5 31. cxd5 Qb6 32. Be6 Qa5 33.
Rc1 Qxa2 34. Rxc5 Qb1+ 35. Kh2 Qb8 36. Qe5 Qb6 37. Rc3 Rdd8 38. Rg3 Rf6 39. Qh5
Qc7 40. Bf5 g6 0-1

[Event "Karposh Open  2012"]
[Site "Skopje MKD"]
[Date "2012.04.13"]
[Round "8.16"]
[White "Djukic, Nikola"]
[Black "Erturan, Yakup"]
[Result "1-0"]
[WhiteElo "2513"]
[BlackElo "2370"]
[PlyCount "103"]
[EventDate "2012.04.07"]
[EventType "swiss"]
[EventRounds "9"]
[Source "lmi"]
[SourceDate "2012.04.07"]

1. e4 e5 2. Nf3 Nc6 3. Bb5 a6 4. Ba4 Nf6 5. O-O Be7 6. Re1 b5 7. Bb3 O-O 8. h3
Bb7 9. d3 d6 10. a3 Na5 11. Ba2 c5 12. Nbd2 Nc6 13. Nf1 Bc8 14. Ng3 Be6 15.
Bxe6 fxe6 16. c3 Qd7 17. b4 d5 18. exd5 Nxd5 19. Ne4 Nf4 20. Bxf4 Rxf4 21. Qe2
Raf8 22. bxc5 a5 23. Nh2 b4 24. axb4 axb4 25. cxb4 Nxb4 26. Red1 Qd5 27. Rac1
Rd8 28. g3 Rff8 29. Qe3 Rd7 30. h4 Rfd8 31. h5 Qc6 32. h6 Nxd3 33. Rc3 Nb4 34.
Nd6 e4 35. Qd4 Bxd6 36. cxd6 Qd5 37. Rc5 Qxd4 38. Rxd4 Nd5 39. Rxe4 Rxd6 40.
Rg4 R6d7 41. Rc6 Re8 42. Nf3 Nf6 43. Rg5 Ne4 44. Re5 Nd6 45. hxg7 Kxg7 46. Re1
Kf6 47. Ne5 Rdd8 48. Rc7 h6 49. Rh7 Rh8 50. Nd7+ Kf5 51. Re5+ Kg4 52. Rg7+ 1-0